Normal forms and bifurcation of planar vector fields

Αποθηκεύτηκε σε:
Λεπτομέρειες βιβλιογραφικής εγγραφής
Κύριος συγγραφέας: Chow, Shui-Nee
Άλλοι συγγραφείς: Li, Chengzhi, Wang, Duo
Μορφή: Βιβλίο
Γλώσσα:English
Δημοσίευση: Cambridge : Cambridge University Press, 1994
Θέματα:
Ετικέτες: Προσθήκη ετικέτας
Δεν υπάρχουν, Καταχωρήστε ετικέτα πρώτοι!

MARC

LEADER 00000nam a2200000 i 4500
001 1/83552
008 080423s1994 eng d
020 |a 978-0-521-37226-8 (hbk.) 
035 |l 10096956 
040 |a GR-MY-UA  |b gre  |e aacr 
041 0 |a eng 
082 0 |a 515.35  |2 (22) 
100 1 |a Chow, Shui-Nee. 
245 1 0 |a Normal forms and bifurcation of planar vector fields /  |c Shui-Nee Chow, Chengzhi Li, Duo Wang 
260 |a Cambridge :   |b Cambridge University Press,   |c 1994 
300 |a viii, 472 σ.;  |b εικ.;  |c 24 εκ. 
504 |a Βιβλιογραφία: σ. 452-467 
504 |a Ευρετήριο: σ. 469-472 
650 0 0 |a Bifurcation theory. 
650 0 0 |a Vector fields. 
650 0 0 |a Normal forms (Mathematics) 
700 1 |a Li, Chengzhi. 
700 1 |a Wang, Duo. 
852 |a INST  |b LESVOS  |e 20080423  |h 515.35 CHO  |p 005100039674  |q 005100039674  |t BK  |y 0 
852 |a INST  |b LESVOS  |e 20081217  |h 515.35 CHO  |p 005100043715  |q 005100043715  |t BK  |y 0 
901 |a BIBL1-2008-1 
901 |a BIBL1-2008-3 
909 |a Λ  |b 151095 
909 |a Λ  |b 157565 
920 |a ΕΠΕΑΕΚ ΠΜΣ ΔΙΑΧΕΙΡΙΣΗ ΠΑΡΑΚΤΙΩΝ ΠΕΡΙΟΧΩΝ  |y ΛΕΣΒΟΣ  |z 2008-12 
922 |a 1ΕΛΗ  |b 200803  |c ΕΠΕΑΕΚ2/ΤΕΘ  |d ΠΑΠΑΣΩΤΗΡΙΟΥ 
970 |a ΚΑΡΑ  |b ΓΙΑΣΕΜΗ  |z 2008/04/23